| 000 | 00466nam a2200145Ia 4500 | ||
|---|---|---|---|
| 008 | 140724s9999 xx 000 0 und d | ||
| 050 |
_aRA 971 _b.Av945 2014 |
||
| 100 | _aAvalon, Jacqueline R. | ||
| 245 |
_aWard nurse’s lived experiences at station 3A / _cJacqueline R. Avalon. |
||
| 260 |
_aLas Piñas, Philippines : _bSouthville International School and Colleges, _cc2014. |
||
| 300 |
_a77 p. : _c28 cm. |
||
| 521 | _aNursing | ||
| 942 | _cTH | ||
| 999 |
_c229338 _d229338 |
||